Sports Quiz

Random Sports or NBA Quiz

15 Sports Teams that No Longer Exist Quiz Stats

 Plays Quiz not verified by Sporcle

Support Sporcle.
Go Orange.
Score 0/15 Timer 10:00
0 Plays Today
League Team % Correct
NFL Houston Oilers
68.1%
NBASeattle Supersonics
65.1%
MLBMontreal Expos
60.5%
MLBWashington Senators
41.6%
MLBSeattle Pilots
34.9%
NFLLos Angeles Rams
34%
NFLLos Angeles Raiders
33.6%
MLBMilwaukee Braves
30.3%
League Team % Correct
NBABuffalo Braves
27.3%
MLBBoston Braves
26.9%
NBA Baltimore Bullets
21.8%
NBAWashington Bullets
20.6%
MLBKansas City Athletics
13%
NBAKansas City Kings
10.9%
NBACincinnati Royals
8.4%

You're not logged in!

Compare scores with friends on all Sporcle quizzes.
OR
Log In

From the Vault

Harry Potter Half-Blood Prince Characters

by GeoGod

Hogwarts just couldn't hold down that Professor of the Dark Arts position...
Remove Ads.
Support Sporcle.
Get the best of Sporcle when you Go Orange. This ad-free experience offers more features, more stats, and more fun while also helping to support Sporcle. Thank you for becoming a member.

Show Comments

Extras

Top Quizzes Today


Score Distribution

Your Account Isn't Verified!

In order to create a playlist on Sporcle, you need to verify the email address you used during registration. Go to your Sporcle Settings to finish the process.

Report this User

Report this user for behavior that violates our Community Guidelines.

Details: